| 000 | 00577nam a2200205Ia 4500 | ||
|---|---|---|---|
| 003 | OSt | ||
| 005 | 20240814094926.0 | ||
| 008 | 221216s9999||||xx |||||||||||||| ||und|| | ||
| 020 | _a978-0-07-059499-9 | ||
| 040 | _cChuka University Library | ||
| 050 |
_aHG 8054.5 _b.H37 2004 |
||
| 100 |
_aHarrington, Scott E., Gregory R. Niehaus _92063 |
||
| 245 | 0 | _aRisk management and insurance | |
| 250 | _a2nd ed. | ||
| 260 |
_aNew Delhi _bTata McGraw-Hill _c2004 |
||
| 300 | _a672p. | ||
| 650 |
_a1. Risk (insurance) _917477 |
||
| 650 |
_a2. Risk management _917478 |
||
| 942 |
_cBK _2lcc |
||
| 999 |
_c2868 _d2868 |
||